Nomeie um time campeão da Champions League A-Z - Statistics

Estatísticas Gerais
  • Esse quiz foi jogado 645 vezes
  • A pontuação média é 11 de 15
Estatísticas das Respostas
Letras Times % Correto
B BenficaBarcelona
Bayern de Munique
Borussia Dortmund
100%
M MilanManchester United
93%
R Real Madrid
92%
C CelticChelsea
90%
A AjaxAston Villa
88%
J Juventus
84%
P PortoPSV Eindhoven
84%
L Liverpool
83%
I Internazionale
78%
N Nottingham Forest
67%
E Estrela Vermelha
66%
O Olympique de Marselha
59%
H Hamburgo
57%
F Feyenoord
53%
S Steaua Bucareste
44%
Nenhum quiz correspondente encontrado
Distribuição das Pontuações
Porcentagem de Pessoas com Cada Pontuação
Percentil de Números Respondidos
Sua Pontuação Histórica
Você não jogou esse quiz